000 00506nam a2200181Ia 4500
001 10721
005 20260306161853.0
008 260306t2013||||xx |||||||||||||| ||spa||
041 _aESP
082 _a946.098
_bC78 V. 2
100 _aPrendes Guardiola, Manuel
_eAUT
245 0 _aLas cortes y la crisis:
_bensayos en torno a la Constitución de Cádiz y su dimensión americana
260 _c2013
300 _a231 páginas :
_c22 cm.
650 _aGEN
654 _aCHU
942 _cLIB
_dJUS
_fJUS
_2ddc
_n
999 _c10721
_d10721